000
00236 a2200097 4500
001
39704
100
_a
Hearu GE
245
_a
Spectral analysis in engineering: Concepts cases
260
_a
London
_b
Arnold
_c
1995
090
_c
24723
_d
24723
942
_a
NUST-CAE
_c
M
_c
16362
999
_c
274777
_d
274777